Local government finance : appendix to the report of the committee of inquiry under the Chairmanship of Frank Layfield

Bibliographic Details
Corporate Author: Great Britain . Committe of inquiry into Local Government Finance
Other Authors: Layfield, F.H.B
Format: Book
Published: London : Her Majestys Stationary Office , 1976
Subjects:

MARC

LEADER 00000cam a2200000 7i4500
001 0000007961
005 20160921.0
020 |a 0101645309 
040 |a INS 
090 0 0 |a HJ9423   |b G64 1976 
110 1 |a Great Britain .   |b Committe of inquiry into Local Government Finance 
245 1 0 |a Local government finance :   |b appendix to the report of the committee of inquiry under the Chairmanship of Frank Layfield 
260 |a London :   |b Her Majestys Stationary Office ,   |c 1976 
300 |a 494p. ;   |c 24 cm. 
650 0 0 |a Local finance   |z Great Britain 
650 0 0 |a Local government   |a law 
700 1 |a Layfield, F.H.B. 
999 |a 0000023359   |b BOOK   |c Open Shelf   |e Default branch